000 00871 a2200241 4500
999 _c3849
_d3849
020 _a9781137352651 (hbk.)
020 _a1137352655 (hbk.)
020 _a9781137352668 (pbk.)
020 _a1137352663 (pbk.)
050 0 0 _aPR 83 PEC 2013
100 1 _aPeck, John,
_d1947-
_eauthor.
245 1 2 _aA brief history of English literature /
_cJohn Peck and Martin Coyle.
250 _aSecond edition.
264 1 _aHoundmills, Basingstoke, Hampshire [England] ;
_aNew York :
_bPalgrave Macmillan,
_c2013.
300 _axiii, 352 pages ;
500 _aIncludes an index.
504 _aIncludes bibliographical references (p. 354-356) and index.
650 0 _aEnglish literature
_xHistory and criticism.
651 0 _aGreat Britain
700 1 _aCoyle, Martin,
_eauthor.
942 _2lcc
_cBK
_h83
_iPEC
_kPR